[Event "Ch World (juniors) (under 18)"]
[Site "masterchessopen.com Marina d'Or (Spain)"]
[Round "2"]
[White "Horvath Adam (HUN)"]
[Black "Burstein Roman (LTU)"]
[Result "1-0"]
[WhiteElo "2455"]
[BlackElo "2295"]

1.e4 c5 2.Nf3 e6 3.d4 cxd4 4.Nxd4 a6 5.Bd3 b5 6.O-O Qb6 7.Nb3 Qc7 8.a4 Bb7
9.axb5 axb5 10.Rxa8 Bxa8 11.Nc3 b4 12.Nb5 Qd8 13.Bf4 d6 14.Qa1 Bc6 15.Qa7 Be7
16.N3d4 Bxb5 17.Bxb5+ Kf8 18.Qb7 g6 19.Ra1 {#r} 1-0

[Event "It (open)"]
[Site "masterchessopen.com Mataro (Spain)"]
[Round "0"]
[White "Fluvia Poyatos Joan (ESP)"]
[Black "Cabot Muntane Jordi (ESP)"]
[Result "1-0"]
[WhiteElo "2295"]
[BlackElo "1983"]

1.e4 c5 2.Nf3 e6 3.d4 cxd4 4.Nxd4 a6 5.Bd3 Qc7 6.O-O Nc6 7.Nxc6 bxc6 8.c4 Nf6
9.Qe2 d5 10.e5 Nd7 11.Bf4 Be7 12.Nd2 O-O 13.Rac1 Qb6 14.Nf3 Bb7 15.Rc3 Rfc8
16.Ng5 Bxg5 17.Bxg5 Nf8 18.c5 Qa7 19.Qh5 Ng6 20.Bb1 Rc7 21.Rh3 h6 22.Bxg6 {#r}
1-0

[Event "Ch State Sao Paulo"]
[Site "masterchessopen.com Rio Claro (Brazil)"]
[Round "4"]
[White "Martins Carlos (BRA)"]
[Black "Ratcu Tatiana (BRA)"]
[Result "1-0"]
[WhiteElo "2305"]
[BlackElo "2195"]

1.e4 c5 2.Nf3 e6 3.d4 cxd4 4.Nxd4 a6 5.Bd3 Qc7 6.O-O Nf6 7.Qe2 d6 8.f4 Nbd7
9.Be3 Be7 10.Nd2 b6 11.g4 Ne5 12.g5 Nfd7 13.b4 Nxd3 {#r} 1-0

[Event "It (open)"]
[Site "masterchessopen.com Sitges (Spain)"]
[Round "0"]
[White "Cuijpers Frans Andre (NED)"]
[Black "Villares Galiano Luis (ESP)"]
[Result "1-0"]
[WhiteElo "2425"]
[BlackElo "1977"]

1.e4 c5 2.Nf3 e6 3.d4 cxd4 4.Nxd4 a6 5.Bd3 Qc7 6.O-O Nc6 7.Nxc6 bxc6 8.f4 Bc5+
9.Kh1 h5 10.Nd2 Nf6 11.e5 Ng4 12.Ne4 Ba7 13.c4 Ne3 14.Bxe3 Bxe3 15.Nd6+ Ke7
16.f5 Bb7 17.fxe6 fxe6 18.Qf3 Bc5 19.Qf7+ Kd8 20.Qxg7 {#r} 1-0

[Event "It (open)"]
[Site "masterchessopen.com Benasque (Spain)"]
[Round "10"]
[White "Caneiro Couto Juan (ESP)"]
[Black "Mateo Ramon (DOM)"]
[Result "0-1"]
[WhiteElo "2056"]
[BlackElo "2425"]

1.Nf3 c5 2.e4 e6 3.d4 cxd4 4.Nxd4 a6 5.Bd3 Nf6 6.Be3 e5 7.Nf3 d5 8.Nxe5 dxe4
9.Nxf7 Kxf7 10.Bc4+ Ke8 11.Bf7+ Kxf7 12.Qxd8 Bb4+ 13.Qd2 Bxd2+ 14.Nxd2 Be6
15.O-O-O Nbd7 16.Rde1 Rac8 17.Kb1 Rhe8 {#R} 0-1

[Event "It (open)"]
[Site "masterchessopen.com Boblingen (Germany)"]
[Round "0"]
[White "Kercher Peter (GER)"]
[Black "Farago Ivan (HUN)"]
[Result "0-1"]
[WhiteElo "2102"]
[BlackElo "2512"]

1.e4 c5 2.Nf3 e6 3.d4 cxd4 4.Nxd4 a6 5.Bd3 Nf6 6.O-O Qc7 7.c4 d6 8.Nc3 g6
9.Qe2 Bg7 10.Be3 O-O 11.Rac1 Nbd7 12.f3 b6 13.Rfd1 Bb7 14.b4 Ne5 15.Nb3 Nfd7
16.Qd2 Nxd3 17.Qxd3 Ne5 18.Qxd6 Qxd6 19.Rxd6 Nxc4 {#R} 0-1

[Event "It (open)"]
[Site "masterchessopen.com Cali (Colombia)"]
[Round "7"]
[White "Pupo Emilio (COL)"]
[Black "Zapata Alonso (COL)"]
[Result "0-1"]
[WhiteElo "2340"]
[BlackElo "2454"]

1.e4 c5 2.Nf3 e6 3.d4 cxd4 4.Nxd4 a6 5.Bd3 Nf6 6.O-O Qc7 7.f4 Bc5 8.c3 Nc6
9.Kh1 d6 10.Nxc6 bxc6 11.Nd2 e5 12.Nb3 {#R} 0-1

[Event "It (open)"]
[Site "masterchessopen.com Dieren (Netherlands)"]
[Round "6"]
[White "Berkvens Joost (NED)"]
[Black "Doggers Peter (NED)"]
[Result "1-0"]
[WhiteElo "2268"]
[BlackElo "2114"]

1.e4 c5 2.Nf3 e6 3.d4 cxd4 4.Nxd4 a6 5.Bd3 d5 6.exd5 Qxd5 7.O-O Nf6 8.b3 Nc6
9.Nxc6 Qxc6 10.Bb2 Be7 11.Nd2 b6 12.Bxf6 Bxf6 13.Be4 Qd6 14.Bxa8 Bxa1 15.Qxa1
Qxd2 16.Qxg7 Rf8 17.Qxh7 {#r} 1-0

[Event "Olympiad (children)"]
[Site "masterchessopen.com Gurzuf (Ukraine)"]
[Round "6"]
[White "Papenin Nikolai (UKR)"]
[Black "Esenov Annaberdi (TKM)"]
[Result "1-0"]
[WhiteElo "2105"]
[BlackElo "2287"]

1.e4 c5 2.Nf3 e6 3.d4 cxd4 4.Nxd4 a6 5.Bd3 b5 6.O-O Bb7 7.Qe2 Nc6 8.Nxc6 Bxc6
9.c4 b4 10.Be3 Be7 11.Nd2 d6 12.f4 Nf6 13.Kh1 O-O 14.Bg1 Kh8 15.Nf3 Rg8
16.Rad1 Bf8 17.Ng5 Qe7 18.e5 Ne8 19.Qh5 h6 20.Nxf7+ {#r} 1-0

[Event "It (cat.8)"]
[Site "masterchessopen.com Lazarevac (Yugoslavia)"]
[Round "12"]
[White "Govedarica Radovan (SRB)"]
[Black "Peev Peicho (BUL)"]
[Result "1-0"]
[WhiteElo "2476"]
[BlackElo "2343"]

1.e4 c5 2.Nf3 e6 3.d4 cxd4 4.Nxd4 a6 5.Bd3 Ne7 6.O-O Nec6 7.Nb3 Be7 8.c4 d6
9.Nc3 O-O 10.Be3 Nd7 11.f4 b6 12.Rc1 Bb7 13.a3 Rc8 14.Nd2 Bf6 15.Kh1 Bd4
16.Qe1 Re8 17.Bxd4 Nxd4 18.Qg3 e5 19.f5 Nf6 20.h3 Bc6 {#r} 1-0

[Event "It (open)"]
[Site "masterchessopen.com Mendrisio (Switzerland)"]
[Round "4"]
[White "Fierz Martin (SUI)"]
[Black "Schneider Antonio (SUI)"]
[Result "1-0"]
[WhiteElo "2201"]
[BlackElo "2032"]

1.e4 c5 2.Nf3 e6 3.d4 cxd4 4.Nxd4 a6 5.Bd3 Nc6 6.Nxc6 dxc6 7.O-O e5 8.f4 exf4
9.Bxf4 Qb6+ 10.Kh1 Nf6 11.Nd2 Ng4 12.Qf3 Be6 13.Bc4 c5 14.Bd5 Bxd5 15.exd5 Qg6
16.Rae1+ Kd7 17.Nc4 h5 18.d6 Ra7 19.Nb6+ Kd8 20.Qd5 f6 {#r} 1-0

[Event "It (open)"]
[Site "masterchessopen.com Miskolc (Hungary)"]
[Round "4"]
[White "Toth Daniel (HUN)"]
[Black "Kakuk Sandor (HUN)"]
[Result "0-1"]
[WhiteElo "2118"]
[BlackElo "2219"]

1.e4 c5 2.Nf3 e6 3.d4 cxd4 4.Nxd4 a6 5.Bd3 Qc7 6.O-O Nf6 7.Nc3 h5 8.h3 Bc5
9.Nf3 Ng4 10.Qe2 Nc6 11.g3 Qxg3+ {#R} 0-1

[Event "It (open)"]
[Site "masterchessopen.com Naujac (France)"]
[Round "5"]
[White "Andreescu Nicoleta Aurora (ROM)"]
[Black "Doroftei Laura (ROM)"]
[Result "1-0"]
[WhiteElo "2131"]
[BlackElo "1795"]

1.e4 c5 2.Nf3 e6 3.d4 cxd4 4.Nxd4 a6 5.Bd3 Qc7 6.O-O Nf6 7.c4 b6 8.Nc3 Bb7
9.Qe2 d6 10.Bg5 Be7 11.Kh1 Nbd7 12.f4 h6 13.Bh4 Nc5 14.Bc2 Nfxe4 15.Nxe4 Bxh4
16.Nxc5 dxc5 17.Nxe6 fxe6 18.Qh5+ Kd8 19.Qxh4+ Kc8 20.Rae1 Re8 21.f5 Qd6
22.fxe6 {#r} 1-0

[Event "It (open)"]
[Site "masterchessopen.com Paris (France)"]
[Round "9"]
[White "Chomet Pascal (FRA)"]
[Black "Simon Olivier (FRA)"]
[Result "1-0"]
[WhiteElo "2389"]
[BlackElo "2160"]

1.e4 c5 2.Nf3 e6 3.d4 cxd4 4.Nxd4 a6 5.Bd3 Nf6 6.Qe2 d6 7.f4 e5 8.Nf3 Nc6
9.Nc3 exf4 10.Bxf4 Be6 11.O-O-O Qa5 12.Bc4 Bxc4 13.Qxc4 Ne5 14.Bxe5 dxe5
15.Ng5 {#r} 1-0

[Event "Ch Europe (juniors) (under 20) (g)"]
[Site "masterchessopen.com Patras (Greece)"]
[Round "12"]
[White "Iwaniuk Dorota (POL)"]
[Black "Mladenovic Jelica (YUG)"]
[Result "1-0"]
[WhiteElo "2189"]
[BlackElo "2019"]

1.e4 c5 2.Nf3 e6 3.d4 cxd4 4.Nxd4 a6 5.Bd3 Qc7 6.O-O Nf6 7.Qe2 Nc6 8.Nxc6 dxc6
9.e5 Nd5 10.c4 Nb4 11.Bf4 Nxd3 12.Qxd3 Bc5 13.Qg3 O-O 14.Nc3 Kh8 15.Rad1 b5
16.Ne4 Qb6 17.Qh4 Qa7 18.Nf6 h6 19.Bxh6 {#r} 1-0

[Event "Ch Poland (team) (2nd liga)"]
[Site "masterchessopen.com Polanica Zdroj (Poland)"]
[Round "8"]
[White "Sendera Jaroslaw (POL)"]
[Black "Stefanek Piotr (POL)"]
[Result "1-0"]
[WhiteElo "2334"]
[BlackElo "2232"]

1.e4 c5 2.Nf3 e6 3.d4 cxd4 4.Nxd4 a6 5.Bd3 Nf6 6.O-O Qc7 7.Qe2 d6 8.c4 g6 9.b3
Bg7 10.Bb2 Nbd7 11.Nc3 O-O 12.Rac1 b6 13.Kh1 Bb7 14.Rfd1 Rfe8 15.f3 Rad8
16.Qf2 Qb8 17.b4 Rc8 18.Nb3 Red8 19.Bf1 Ba8 20.a3 h5 {#r} 1-0

[Event "Ch Poland (team) (2nd liga)"]
[Site "masterchessopen.com Polanica Zdroj (Poland)"]
[Round "5"]
[White "Stefanek Piotr (POL)"]
[Black "Lorenc Marian (POL)"]
[Result "0-1"]
[WhiteElo "2232"]
[BlackElo "2226"]

1.e4 c5 2.Nf3 e6 3.d4 cxd4 4.Nxd4 a6 5.Bd3 Qc7 6.O-O Nc6 7.c3 Nf6 8.Kh1 Be7
9.f4 d6 10.Be3 O-O 11.Nd2 Bd7 12.N2f3 e5 13.fxe5 dxe5 14.Ne2 Rad8 15.Ng3 Bg4
16.Qe2 Rd7 17.h3 Nh5 18.Nxh5 Bxh5 19.Bc4 Na5 20.Bd5 Rxd5 {#R} 0-1

[Event "It (open)"]
[Site "masterchessopen.com Sao Paulo (Brazil)"]
[Round "5"]
[White "Leitao Rafael (BRA)"]
[Black "Loureiro Luiz (BRA)"]
[Result "1-0"]
[WhiteElo "2574"]
[BlackElo "2365"]

1.e4 c5 2.Nf3 e6 3.d4 cxd4 4.Nxd4 a6 5.Bd3 b5 6.O-O Bb7 7.a4 b4 8.Nd2 Qc7
9.Nc4 Nf6 10.e5 d5 11.exf6 dxc4 12.Bf5 Nc6 13.Nxe6 fxe6 14.Bxe6 Ne5 15.Bg5
gxf6 16.Bxf6 Bg7 17.Qh5+ Ng6 18.Bxg7 Qxg7 19.Rfe1 Qf6 20.Bd5+ Kf8 21.Bxb7 Rb8
22.Qh6+ {#r} 1-0

[Event "Ch Great Britain"]
[Site "masterchessopen.com Scarborough (England)"]
[Round "4"]
[White "Gormally Daniel (ENG)"]
[Black "Emms John M (ENG)"]
[Result "1-0"]
[WhiteElo "2476"]
[BlackElo "2586"]

1.e4 c5 2.Nf3 e6 3.d4 cxd4 4.Nxd4 a6 5.Bd3 Nf6 6.Nc3 Qc7 7.Qe2 d6 8.f4 Be7
9.Nf3 O-O 10.e5 Nfd7 11.h4 dxe5 12.fxe5 Nc5 13.Bf4 Nxd3+ 14.cxd3 Nd7 15.Ng5 h6
16.Qe4 Bxg5 17.hxg5 Nc5 18.Qe3 hxg5 19.Qh3 f5 20.exf6 Nxd3+ 21.Qxd3 {#r} 1-0

[Event "Ch Poland (juniors) (under 20) (g)"]
[Site "masterchessopen.com Trzbinia (Poland)"]
[Round "0"]
[White "Szymanowska Karolina (POL)"]
[Black "Andrzejewska Edyta (POL)"]
[Result "1-0"]
[WhiteElo "2148"]
[BlackElo "2145"]

1.e4 c5 2.Nf3 e6 3.d4 cxd4 4.Nxd4 a6 5.Bd3 b5 6.O-O Bb7 7.Be3 Nf6 8.Nd2 d6
9.f4 Be7 10.a4 b4 11.Qf3 Nbd7 12.Qg3 Nc5 13.e5 Nh5 14.Qh3 Nxd3 15.cxd3 dxe5
16.Nxe6 Qd7 17.f5 g6 18.fxg6 hxg6 19.Ng7+ Kd8 20.Bb6+ Kc8 {#r} 1-0

[Event "Cup Russia (open)"]
[Site "masterchessopen.com Tula (Russia)"]
[Round "6"]
[White "Kostenko Petr (KAZ)"]
[Black "Kostin Alexey (RUS)"]
[Result "0-1"]
[WhiteElo "2418"]
[BlackElo "2446"]

1.e4 c5 2.Nf3 e6 3.d4 cxd4 4.Nxd4 a6 5.Bd3 Bc5 6.Nb3 Ba7 7.O-O d6 8.Qg4 Nf6
9.Qxg7 Rg8 10.Qh6 Rg6 11.Qd2 e5 12.Kh1 Ng4 13.g3 Rh6 14.h4 Rxh4+ 15.gxh4 Qxh4+
16.Kg2 Qh2+ 17.Kf3 Qh3+ 18.Ke2 Nh2 19.Rg1 Bg4+ 20.Rxg4 Qxg4+ 21.f3 Qxf3+
22.Ke1 Qh1+ {#R} 0-1

[Event "It (open) \"]
[Site "masterchessopen.com Crailsheim (Germany)"]
[Date "1999.05.22"]
[Round "2"]
[White "Sturm Bernhard (GER)"]
[Black "Bischoff Klaus (GER)"]
[Result "0-1"]
[WhiteElo "2222"]
[BlackElo "2509"]

1.e4 c5 2.Nf3 e6 3.d4 cxd4 4.Nxd4 a6 5.Bd3 Nf6 6.c4 Nc6 7.Nxc6 dxc6 8.O-O e5
9.h3 Nd7 10.Bc2 Be7 11.Bd2 b5 12.Qe2 O-O 13.Rd1 Qc7 14.Qe1 Nc5 15.Ba5 Qb8
16.Qc3 Ne6 17.Nd2 Nd4 18.b4 Ne2+ {#R} 0-1

[Event "Ch DLM (team)"]
[Site "masterchessopen.com Bad Homburg (Germany)"]
[Round "4"]
[White "Paehtz Thomas Jr (GER)"]
[Black "Thiele Matthias (GER)"]
[Result "1-0"]
[WhiteElo "2218"]
[BlackElo "2095"]

1.e4 c5 2.Nf3 e6 3.d4 cxd4 4.Nxd4 a6 5.Bd3 Nc6 6.Nxc6 dxc6 7.O-O e5 8.Nd2 Nf6
9.Nc4 Qc7 10.Be3 Nd7 11.a4 Be7 12.a5 O-O 13.f4 exf4 14.Bxf4 Qd8 15.Kh1 Bg5
16.Bd6 Be7 17.e5 b5 18.axb6 Bxd6 19.Nxd6 Nxb6 20.Bxh7+ {#r} 1-0

[Event "Ch Catalunia"]
[Site "masterchessopen.com Barcelona (Spain)"]
[Round "5"]
[White "Castaner Halster Xavier (ESP)"]
[Black "Pujol Clua Ramon (ESP)"]
[Result "1-0"]
[WhiteElo "2217"]
[BlackElo "2015"]

1.e4 c5 2.Nf3 e6 3.d4 cxd4 4.Nxd4 a6 5.Bd3 Nf6 6.O-O b5 7.a4 b4 8.Be3 Bb7
9.Nd2 d5 10.e5 Nfd7 11.f4 g6 12.N2b3 Nc6 13.Qe2 Nxd4 14.Bxd4 Be7 15.g4 h5
16.f5 gxf5 17.gxf5 Rg8+ 18.Kh1 Rg4 19.fxe6 fxe6 20.Qxg4 {#r} 1-0

[Event "Ch Catalunia"]
[Site "masterchessopen.com Barcelona (Spain)"]
[Round "7"]
[White "Kolev Atanas (BUL)"]
[Black "Vehi Bach Victor M (ESP)"]
[Result "1-0"]
[WhiteElo "2582"]
[BlackElo "2454"]

1.e4 c5 2.Nf3 e6 3.d4 cxd4 4.Nxd4 a6 5.Bd3 Nf6 6.O-O Qc7 7.Qe2 d6 8.c4 Be7
9.Nc3 O-O 10.Kh1 Nbd7 11.f4 b6 12.Bd2 Re8 13.Nf3 Bb7 14.Rae1 Nc5 15.Bb1 d5
16.cxd5 exd5 17.e5 Nfe4 18.Rc1 Qd7 19.Be3 a5 20.Rfd1 Ba6 21.Qc2 {#r} 1-0

[Event "Ch Hungary (w)"]
[Site "masterchessopen.com Budapest (Hungary)"]
[Round "4"]
[White "Lakos Nikoletta (HUN)"]
[Black "Goczo Melinda (HUN)"]
[Result "1-0"]
[WhiteElo "2327"]
[BlackElo "2201"]

1.e4 c5 2.Nf3 e6 3.d4 cxd4 4.Nxd4 a6 5.Bd3 Nf6 6.Nc3 Qc7 7.f4 Bc5 8.Nb3 Bb4
9.O-O d6 10.Bd2 Nc6 11.Kh1 Bd7 12.Qe1 Bxc3 13.Bxc3 e5 14.Na5 Ne7 15.Nc4 Ng6
16.Bb4 O-O 17.Bxd6 Qc6 18.Bxf8 Rxf8 19.f5 Nf4 20.Nxe5 Nxd3 21.cxd3 {#r} 1-0

[Event "It (a)"]
[Site "masterchessopen.com Budapest (Hungary)"]
[Round "2"]
[White "Orso Miklos (HUN)"]
[Black "Valenti Giuseppe (ITA)"]
[Result "1-0"]
[WhiteElo "2346"]
[BlackElo "2195"]

1.e4 c5 2.Nf3 e6 3.d4 cxd4 4.Nxd4 a6 5.Bd3 Bc5 6.c3 Nc6 7.Be3 Qb6 8.Nd2 Qxb2
9.O-O Qxc3 10.Nxc6 Bxe3 11.fxe3 Qxd3 12.Ne5 Qxe3+ 13.Kh1 Nf6 14.Ndc4 Qc5
15.Nd6+ Ke7 16.Nexf7 Rf8 17.e5 Rxf7 18.Nxf7 Kxf7 19.exf6 gxf6 20.Rc1 Qb6
21.Rxc8 {#r} 1-0

[Event "Moravian League 1999/00 (1st)"]
[Site "masterchessopen.com Czech Republic"]
[Round "10"]
[White "Berezjuk Sergej (CZE)"]
[Black "Oral Tomas (CZE)"]
[Result "0-1"]
[WhiteElo "2343"]
[BlackElo "2531"]

1.e4 c5 2.Nf3 e6 3.d4 cxd4 4.Nxd4 a6 5.Bd3 Bc5 6.Nb3 Ba7 7.Nc3 Nc6 8.Bf4 e5
9.Bg3 d6 10.Bc4 h5 11.Qf3 Be6 12.Bxe6 fxe6 13.h4 Qf6 14.Qe2 Qh6 {#R} 0-1

[Event "Ch Hungary (team) 2000/01 (3 liga)"]
[Site "masterchessopen.com Hungary"]
[Round "2"]
[White "Nadasi Lajos (HUN)"]
[Black "Kovacs Lajos D (HUN)"]
[Result "1-0"]
[WhiteElo "2045"]
[BlackElo "2170"]

1.e4 c5 2.Nf3 e6 3.d4 cxd4 4.Nxd4 a6 5.Bd3 Nc6 6.Nxc6 bxc6 7.c4 d5 8.cxd5 cxd5
9.exd5 Qxd5 10.Nc3 Qd8 11.O-O Nf6 12.Qe2 Be7 13.Rd1 Qc7 14.Bg5 O-O 15.Bxf6
gxf6 16.Bxh7+ Kxh7 17.Qh5+ Kg8 18.Qg4+ {#r} 1-0

[Event "It (open)"]
[Site "masterchessopen.com Mislata (Spain)"]
[Round "8"]
[White "Garcia Martinez Silvino (CUB)"]
[Black "Buenafe Javier (ESP)"]
[Result "1-0"]
[WhiteElo "2442"]
[BlackElo "2231"]

1.e4 c5 2.Nf3 e6 3.d4 cxd4 4.Nxd4 a6 5.Bd3 Qc7 6.O-O Nf6 7.Qe2 b5 8.a4 b4 9.c4
bxc3 10.Nxc3 Bc5 11.Be3 d6 12.e5 dxe5 13.Ndb5 Qe7 14.Bxc5 Qxc5 15.Ne4 Qe7
16.Nxf6+ gxf6 17.Rac1 {#r} 1-0

[Event "Cup Fil Brothers"]
[Site "masterchessopen.com Murom (Russia)"]
[Round "11"]
[White "Bojarinov Victor A (RUS)"]
[Black "Novozhenin Vladimir (RUS)"]
[Result "1-0"]
[WhiteElo "2353"]
[BlackElo "2182"]

1.e4 c5 2.Nf3 e6 3.d4 cxd4 4.Nxd4 a6 5.Bd3 b5 6.a4 b4 7.O-O Bb7 8.b3 Qc7 9.Bb2
Nf6 10.c3 bxc3 11.Nxc3 d6 12.b4 Qb6 13.a5 Qxb4 14.Qd2 Nbd7 15.Rfd1 Nc5 16.Ba3
Nb3 17.Nxb3 {#r} 1-0

[Event "NRW-liga 1999/00"]
[Site "masterchessopen.com NRW (Germany)"]
[Round "8"]
[White "Buenermann Volker (GER)"]
[Black "Vetter Herbert (GER)"]
[Result "1-0"]
[WhiteElo "2313"]
[BlackElo "2230"]

1.e4 c5 2.Nf3 e6 3.d4 cxd4 4.Nxd4 a6 5.Bd3 Nc6 6.Nxc6 dxc6 7.Nd2 Bd6 8.Nc4 Bc7
9.Qg4 Nf6 10.Qxg7 Rg8 11.Qh6 Rg6 12.Qh4 b5 13.e5 bxc4 14.Bxg6 Bxe5 15.Be4 Qa5+
16.c3 Bxc3+ 17.bxc3 Qxc3+ 18.Ke2 Qe5 19.f3 Nd5 20.Qxh7 Bb7 21.Qg8+ Ke7 22.Qg5+
{#r} 1-0

[Event "It (open)"]
[Site "masterchessopen.com Pardubice (Czech Republic)"]
[Round "8"]
[White "Rechel Bernd (GER)"]
[Black "Moroz Alexander (UKR)"]
[Result "1-0"]
[WhiteElo "2402"]
[BlackElo "2515"]

1.e4 c5 2.Nf3 e6 3.d4 cxd4 4.Nxd4 a6 5.Bd3 Qb6 6.c3 Nc6 7.Be3 Bc5 8.Nd2 Qxb2
9.O-O Qxc3 10.Nxc6 Qxd3 11.Ne5 Qd6 12.Nec4 Qc7 13.Bxc5 Qxc5 14.e5 Kf8 15.Rc1
Qd4 16.Nd6 Ne7 17.Qh5 g6 18.Qh6+ Kg8 19.Nf3 {#r} 1-0

[Event "It (open)"]
[Site "masterchessopen.com Sant Boi (Spain)"]
[Round "6"]
[White "Picanol Alemany Antonio (ESP)"]
[Black "Ruiz Bravo Alfonso (ESP)"]
[Result "1-0"]
[WhiteElo "2343"]
[BlackElo "2098"]

1.e4 c5 2.Nf3 e6 3.d4 cxd4 4.Nxd4 a6 5.Bd3 Bc5 6.Nb3 Be7 7.O-O Nc6 8.a4 b6
9.f4 Bb7 10.Be3 Qc7 11.N1d2 Nf6 12.Nc4 Nb4 13.Bxb6 Qb8 14.e5 Nfd5 15.Bd4 Nc6
16.Bc5 Bxc5+ 17.Nxc5 Qa7 18.Nd6+ Ke7 19.Nxb7 Rab8 20.Rf2 {#r} 1-0

[Event "Ch Sweden (team) 2000/01"]
[Site "masterchessopen.com Sweden"]
[Round "3"]
[White "Tairi Faruk (SWE)"]
[Black "Astrom Goran (SWE)"]
[Result "1-0"]
[WhiteElo "2245"]
[BlackElo "2300"]

1.e4 c5 2.Nf3 e6 3.d4 cxd4 4.Nxd4 a6 5.Bd3 Nf6 6.O-O d6 7.c4 Bd7 8.Nc3 Nc6
9.Nxc6 Bxc6 10.b3 Be7 11.Bb2 O-O 12.Qe2 Qa5 13.f4 Qh5 14.Rf3 d5 15.cxd5 Bc5+
16.Kh1 exd5 17.Nxd5 Nxd5 18.exd5 Rfe8 19.Qc2 Bxd5 20.Rg3 Bf8 21.Rg5 {#r} 1-0

[Event "It (open)"]
[Site "masterchessopen.com Ubeda (Spain)"]
[Round "1"]
[White "Hagesaether Halvard (NOR)"]
[Black "Hauchard Arnaud (FRA)"]
[Result "0-1"]
[WhiteElo "2257"]
[BlackElo "2539"]

1.e4 c5 2.Nf3 e6 3.d4 cxd4 4.Nxd4 a6 5.Bd3 Ne7 6.O-O Nbc6 7.Nf3 Ng6 8.b3 Be7
9.Bb2 O-O 10.e5 Nf4 11.Nc3 Nxd3 12.Qxd3 d6 13.exd6 Qxd6 14.Qxd6 Bxd6 15.Ne4
Bc7 16.Rad1 e5 17.Nd6 Bg4 18.Nxb7 e4 19.Rd5 Bc8 20.Nd4 Nxd4 21.Bxd4 Bxb7
22.Rg5 f6 {#R} 0-1

[Event "Ch World (juniors) (under 20)"]
[Site "masterchessopen.com Yerevan (Armenia)"]
[Round "4"]
[White "Gombar Janos (HUN)"]
[Black "Taylor Leon (AUS)"]
[Result "1-0"]
[WhiteElo "2152"]
[BlackElo "1917"]

1.e4 c5 2.Nf3 e6 3.d4 cxd4 4.Nxd4 a6 5.Bd3 Nc6 6.Nxc6 bxc6 7.O-O Bc5 8.Nd2 Ne7
9.e5 d5 10.exd6 Bxd6 11.Ne4 Bc7 12.Qh5 Qd5 13.Ng5 g6 14.Qh4 Nf5 15.Bxf5 Qxf5
16.Ne4 Be5 17.Bh6 Qh5 18.Nf6+ Bxf6 19.Qxf6 Qxh6 20.Qxh8+ Ke7 21.Rad1 Bb7
22.Qd4 {#r} 1-0

[Event "Tournament (open) (a)"]
[Site "masterchessopen.com Gallipoli (Italy)"]
[Date "2000.06.23"]
[Round "2"]
[White "Schiappoli Dario (ITA)"]
[Black "Quaranta Vitaliano"]
[Result "1-0"]
[WhiteElo "1929"]
[BlackElo "1711"]

1.e4 c5 2.Nf3 e6 3.d4 cxd4 4.Nxd4 a6 5.Bd3 Nf6 6.Be3 Qc7 7.O-O Be7 8.f4 d6
9.Nc3 Nbd7 10.Kh1 Nc5 11.e5 dxe5 12.fxe5 Qxe5 13.Bf4 Qh5 14.Be2 Qg6 15.Nf3 h6
16.Bd6 Bxd6 17.Qxd6 Nce4 18.Nxe4 Qxe4 {#r} 1-0

[Event "It (cat.7)"]
[Site "masterchessopen.com Antalya (Turkey)"]
[Round "3"]
[White "Erdogdu Mert (TUR)"]
[Black "Mastrovasilis Athanasios (GRE)"]
[Result "0-1"]
[WhiteElo "2310"]
[BlackElo "2442"]

1.e4 c5 2.Nf3 e6 3.d4 cxd4 4.Nxd4 a6 5.Bd3 Nf6 6.O-O Qc7 7.Qe2 d6 8.c4 Be7
9.b3 b6 10.Bb2 Bb7 11.Nc3 O-O 12.f4 Nbd7 13.Rae1 g6 14.e5 Nh5 15.f5 dxe5
16.Nxe6 fxe6 17.fxg6 Nf4 18.Rxf4 Rxf4 19.Qh5 Rh4 20.gxh7+ Kh8 21.Qg6 Qc5+
22.Kh1 Qf2 {#R} 0-1

[Event "It (open) \"]
[Site "masterchessopen.com Bratislava (Slovakia)"]
[Round "9"]
[White "Schwarz Dusan (SVK)"]
[Black "Petrik Karol (SVK)"]
[Result "1-0"]
[WhiteElo "2157"]
[BlackElo "2207"]

1.e4 c5 2.Nf3 e6 3.d4 cxd4 4.Nxd4 a6 5.Bd3 Ne7 6.O-O Nbc6 7.Nxc6 Nxc6 8.b3 Be7
9.f4 d6 10.Bb2 Bf6 11.Bxf6 Qxf6 12.Nd2 Qd4+ 13.Kh1 b5 14.a4 Rb8 15.axb5 axb5
16.Qh5 Qc5 17.e5 d5 18.Nf3 h6 19.Ng5 Qf8 20.Nxf7 {#r} 1-0

[Event "Ch Hungary (juniors) (under 20)"]
[Site "masterchessopen.com Budapest (Hungary)"]
[Round "3"]
[White "Balogh Csaba (HUN)"]
[Black "Gonda Laszlo (HUN)"]
[Result "1-0"]
[WhiteElo "2367"]
[BlackElo "2309"]

1.e4 c5 2.Nf3 e6 3.d4 cxd4 4.Nxd4 a6 5.Bd3 g6 6.c4 Bg7 7.Ne2 Ne7 8.Nbc3 O-O
9.O-O Nbc6 10.Bg5 Qa5 11.Qd2 d5 12.cxd5 exd5 13.Bxe7 Nxe7 14.Qg5 f6 15.Qe3
dxe4 16.Bxe4 Rb8 17.Rad1 f5 18.Bf3 Qe5 19.Qb6 Nc6 20.Rfe1 Qa5 21.Qb3+ {#r} 1-0

[Event "It (cat.6)"]
[Site "masterchessopen.com Budapest (Hungary)"]
[Round "11"]
[White "Rajlich Vasik G (USA)"]
[Black "Jakab Attila (HUN)"]
[Result "1-0"]
[WhiteElo "2257"]
[BlackElo "2369"]

1.e4 c5 2.Nf3 e6 3.d4 cxd4 4.Nxd4 a6 5.Bd3 d6 6.O-O Nf6 7.Nc3 Be7 8.f4 Qc7
9.Kh1 O-O 10.Qe2 b5 11.e5 Nfd7 12.exd6 Bxd6 13.Ndxb5 Qb6 14.Nxd6 Qxd6 15.Qe4
f5 16.Qxa8 Nc6 17.Be3 Qc7 18.Bxa6 {#r} 1-0

[Event "Tournament"]
[Site "masterchessopen.com Cartagena (Colombia)"]
[Round "4"]
[White "Garcia Gildardo (COL)"]
[Black "Zapata Alonso (COL)"]
[Result "1-0"]
[WhiteElo "2498"]
[BlackElo "2530"]

1.e4 c5 2.Nf3 e6 3.d4 cxd4 4.Nxd4 a6 5.Bd3 Nf6 6.O-O Qc7 7.Qe2 d6 8.c4 Be7
9.b3 O-O 10.Bb2 Nbd7 11.Nc3 b6 12.Rae1 Bb7 13.Kh1 g6 14.f4 e5 15.Nc2 exf4
16.Nb4 Ne5 17.Rxf4 Nh5 18.Rff1 Bh4 {#r} 1-0